000 01960cam a22005534i 4500
003 PE-LiUPU
005 20250731173020.0
008 150623s r 000 0 d
020 _a0801090547
035 _a(Sirsi) i9780801090547
040 _aPE-LiUPU
_bspa
_cPE-LiUPU
_erda
049 _aPRUA
082 0 4 _a259.2
_bH151968
_221
100 1 _aHahn, Todd,
_d1968-,
_eautor.
245 1 0 _aGenXers after God :
_bhelping a generation pursue Jesus /
_cTodd Hahn and David Verhaagen with Ellen Verhaagen and Daniel Kruidenier and Julie Culbreath .. [et al.].
264 1 _aGrand Rapids, Michigan :
_bBaker Books,
_c1998.
300 _a207 páginas ;
_c22 centímetros
336 _atext
_2rdacontent
337 _aunmediated
_2rdamedia
338 _avolume
_2rdacarrier
504 _aIncluye bibliografía.
505 0 _aIntroduction to narrative discipling. -Faith. -Hope. -Love. -The hopeful community.
526 _aSEG42
526 _aSEG41
526 _aSEG40
526 _aSEG39
526 _aP94
526 _aP87
526 _aP86
526 _aP85
526 _aP77
526 _aP76
526 _aP35
650 0 4 _aAdultos jóvenes
_zEstados Unidos
_xVida religiosa.
650 0 4 _aDiscipulado (Cristianismo).
_9847
650 0 4 _aGeneración X.
650 0 4 _aTrabajo de iglesia con jóvenes
_zEstados Unidos.
651 _aEstados Unidos
_xReligión
_y1960 -.
700 1 _aCulbreath, Julie.
700 1 _aKruidenier, Daniel
700 1 _aVerhaagen, David
700 1 _aVerhaagen, Ellen
942 _2ddc
_cBOOK
949 _a259.2 H15 1968
_wDEWEY
_c1
_i47423
_lCCODEBUL1
_mBUL
_r0
_sY
_tBOOK
_u2015-6-24
_xTEOLOGIA
_PP35
_0COMPRA
_o.STAFF. Colección General
994 _aC0
_bPEPRU
596 _a1
999 _a259.2 H15 1968
_wDEWEY
_c23980
_i47423
_f2021-11-10
_g5
_lCCODEBUL1
_mBUL
_r0
_sY
_tBOOK
_u2015-6-24
_xTEOLOGIA
_PP35
_0COMPRA
_o.STAFF. Colección General
_d23980
980 _81
_gALBERTO SANCHEZ Responsable de Automatización